|
|
|
|
| LEADER |
01187nam a2200373 a 4500 |
| 001 |
001442734 |
| 003 |
CZ BrMZK |
| 005 |
20190401133749.0 |
| 007 |
ta |
| 008 |
141209s2011 ne a e f 001 0 eng |
| 020 |
|
|
|a 978-0-12-385477-3
|
| 035 |
|
|
|a (OCoLC)681501719
|
| 040 |
|
|
|a BOA001
|b cze
|
| 072 |
|
7 |
|a 004.3
|x Počítače. Hardware
|2 Konspekt
|9 23
|
| 080 |
|
|
|a 004.318
|2 MRF
|
| 080 |
|
|
|a 004.031.6
|2 MRF
|
| 080 |
|
|
|a 004.42
|2 MRF
|
| 080 |
|
|
|a (035)
|2 MRF
|
| 100 |
1 |
|
|a Yiu, Joseph
|7 ntk2010458147
|4 aut
|
| 245 |
1 |
4 |
|a The definitive guide to the ARM Cortex-M0 /
|c Joseph Yiu
|
| 246 |
3 |
0 |
|a ARM Cortex-M0
|
| 250 |
|
|
|a 1st pub.
|
| 260 |
|
|
|a Amsterdam :
|b Elsevier Newnes,
|c 2011
|
| 300 |
|
|
|a xix, 529 s. :
|b il. ;
|c 24 cm
|
| 500 |
|
|
|a Obsahuje rejstřík
|
| 650 |
0 |
7 |
|a ARM Cortex-M0
|7 ph884098
|2 czenas
|
| 650 |
0 |
7 |
|a mikroprocesory
|7 ph115311
|2 czenas
|
| 650 |
0 |
7 |
|a vestavěné systémy
|7 ph348267
|2 czenas
|
| 650 |
0 |
7 |
|a programování
|7 ph115891
|2 czenas
|
| 655 |
|
7 |
|a příručky
|7 fd133209
|2 czenas
|
| 910 |
|
|
|a BOA001
|b 2-1336.581
|
| 990 |
|
|
|a BK
|
| 991 |
|
|
|b 201507
|c NOV
|e n
|
| 996 |
7 |
|
|b 2610618419
|c 2-1336.581
|l MZK
|r Sklad / do 1 hodiny
|n 2
|p dar
|w 001482648
|u 000010
|a 1
|e BOA001
|j MZK50
|s A
|